[Event "13th Marienbad GM"]
[Site "Marianske Lazne CZE"]
[Date "2014.01.22"]
[Round "6.3"]
[White "Golichenko,I"]
[Black "Simantsev,M"]
[Result "1/2-1/2"]
[WhiteElo "2430"]
[BlackElo "2479"]

1.d4 Nf6 2.c4 e6 3.Nf3 c5 4.d5 exd5 5.cxd5 d6 6.Nc3 g6 7.g3 Bg7 8.Bg2 O-O
9.O-O a6 10.a4 Re8 11.Nd2 Nbd7 12.h3 Nh5 13.e4 Rb8 14.Nc4 Ne5 15.Na3 Bd7
16.a5 Qxa5 17.g4 Nf6 18.f4 Nfxg4 19.hxg4 Nxg4 20.f5 h5 21.Qf3 Qd8 22.Qg3 b5
23.Nd1 b4 24.Nc2 Bb5 25.Re1 Be5 26.Bf4 Bxf4 27.Qxf4 Qf6 28.Nde3 Ne5 29.Qh6 Bd3
30.Rad1 b3 31.Na3 Rb4 32.Rxd3 Nxd3 33.Rf1 Nxb2 34.fxg6 Qxg6 35.Qxg6+ fxg6
36.Rb1 Na4 37.Nec4 Nc3 38.Re1 Nxd5 39.Nxd6 Re6 40.e5 Nf4 41.Bf1 Kg7 42.Bc4 Re7
43.Nc8 Re8 44.Nd6 Re7 45.Nc8 Rc7 46.Nd6 Rb8 47.Ne4 b2 48.Rf1 Rb4 49.Nd6 Re7
50.Rxf4 b1=Q+ 51.Nxb1 Rxb1+ 52.Kh2 Rxe5 53.Rf7+ Kh6 54.Ra7 Rb2+ 55.Kg3 Rg5+
56.Kf3 Rg4 57.Nf7+ Kg7 58.Ne5+ Kf6 59.Nxg4+ hxg4+ 60.Kg3  1/2-1/2

[Event "13th Marienbad Open"]
[Site "Marianske Lazne CZE"]
[Date "2014.01.22"]
[Round "6.8"]
[White "Yakimenko,Alex"]
[Black "Kolovratnik,M"]
[Result "1-0"]
[WhiteElo "2174"]
[BlackElo "2089"]

1.d4 Nf6 2.c4 c5 3.d5 e6 4.Nc3 exd5 5.cxd5 d6 6.Nf3 g6 7.e4 Bg7 8.Be2 O-O
9.O-O Ng4 10.Bg5 f6 11.Bh4 g5 12.Bg3 Ne5 13.Nd2 f5 14.exf5 Bxf5 15.Nde4 Na6
16.Qd2 g4 17.Rae1 Nc7 18.Qd1 Qd7 19.Qd2 b5 20.Bd1 Rae8 21.Bc2 Kh8 22.Qc1 Qd8
23.Qd1 b4 24.Nb1 Nb5 25.Nbd2 Nd4 26.Bb1 Qd7 27.Kh1 Bg6 28.Nb3 Nf5 29.Bf4 c4
30.Nbd2 Rc8 31.Bc2 Qb7 32.Nxd6 Nxd6 33.Bxe5 Bxe5 34.Rxe5 Bxc2 35.Qxc2 Qg7
36.Re6 Nb5 37.Qe4 c3 38.Re7 Rf7 39.Rxf7 Qxf7 40.bxc3 bxc3 41.Nb3 Rd8 42.Qxg4 Qxd5
43.Qe2 Qd3 44.Qe5+ Kg8 45.Kg1 c2 46.Qg5+ Kh8 47.g3 Nc3 48.Qe5+ Kg8 49.Qg5+ Kh8
50.Nc1 Qd4 51.Qf5 Qd2 52.Qf6+ Kg8 53.Qe6+ Kh8 54.h4 Nd1 55.h5 Nxf2  1-0

[Event "TCh-BEL 2013-14"]
[Site "Belgium BEL"]
[Date "2014.01.26"]
[Round "8.2"]
[White "Chabanon,JL"]
[Black "Piceu,T"]
[Result "0-1"]
[WhiteElo "2491"]
[BlackElo "2330"]

1.d4 Nf6 2.Nf3 c5 3.d5 e6 4.c4 exd5 5.cxd5 d6 6.Nc3 g6 7.Bf4 Bg7 8.Qa4+ Bd7
9.Qb3 Qc7 10.e3 O-O 11.h3 Na6 12.Nd2 Rfe8 13.Be2 Rab8 14.Nc4 Bf8 15.a4 Nb4
16.Rd1 a6 17.a5 Bf5 18.Rd2 Ne4 19.Nxe4 Bxe4 20.Bf3 Bxf3 21.gxf3 Qd7 22.Qd1 Rbd8
23.Kf1 Qf5 24.b3 h6 25.Kg2 Qf6 26.Bg3 Qg5 27.h4 Qe7 28.Qg1 f5 29.Bf4 Qf7
30.Qd1 Rd7 31.Bg3 Red8 32.h5 g5 33.f4 Bg7 34.fxg5 hxg5 35.h6 Bc3 36.h7+ Kh8
37.Qc1 Bxd2 38.Qb2+ Qg7 39.Ne5 dxe5 40.Bxe5 Nxd5 41.Bxg7+ Rxg7 42.Qe5 f4
43.e4 Bc3 44.Qf5 Ne7 45.Qxc5 Rc8 46.Qa3 Nc6 47.Rc1 Be5 48.b4 Ra8 49.b5 axb5
50.a6 b4 51.Qh3 g4 52.Qh5 f3+ 53.Kg1 Rd8 54.axb7 Rxb7 55.Qh6 Rbd7  0-1

[Event "73rd ch-GEO 2014"]
[Site "Tbilisi GEO"]
[Date "2014.01.31"]
[Round "6.4"]
[White "Mchedlishvili,M"]
[Black "Pantsulaia,L"]
[Result "1/2-1/2"]
[WhiteElo "2655"]
[BlackElo "2614"]

1.d4 Nf6 2.c4 c5 3.d5 e6 4.Nc3 exd5 5.cxd5 d6 6.Nf3 g6 7.Bf4 Bg7 8.Qa4+ Bd7
9.Qb3 Qc7 10.e4 O-O 11.Nd2 Nh5 12.Be3 f5 13.exf5 Bxf5 14.Be2 Nf6 15.h3 Na6
16.a3 Qf7 17.O-O Nc7 18.Nc4 Rad8 19.Bf4 Nfe8 20.Bg5 Rb8 21.Rad1 b5 22.Na5 Rb6
23.a4 a6 24.axb5 axb5 25.Nc4 Rb8 26.Ne3 Bd4 27.Bh6 Bg7 28.Nxf5 gxf5 29.Bf4 b4
30.Nb1 Qf6 31.Bc1 Na8 32.Nd2 Nec7 33.Qg3 Nb6 34.Nc4 Nxc4 35.Bxc4 Qg6 36.Qf3 Rbe8
37.Rfe1 Rxe1+ 38.Rxe1 Re8 39.Rxe8+ Qxe8 40.Kf1 Qa4 41.Qd3 Qa1 42.Qd2 Ne8
43.Bd3 f4 44.Ke2 Be5 45.Bc4 Nf6 46.Qc2 Nd7 47.Kf3 Qa8 48.Qe4 Qa1 49.Qc2 Qa8
50.Qe4 Qa1  1/2-1/2

[Event "19th HIT Open A 2014"]
[Site "Nova Gorica SLO"]
[Date "2014.02.01"]
[Round "3.10"]
[White "Sekulic,D"]
[Black "Debevec,B"]
[Result "1-0"]
[WhiteElo "2299"]
[BlackElo "2163"]

1.d4 Nf6 2.Nf3 c5 3.d5 e6 4.c4 exd5 5.cxd5 d6 6.Nc3 g6 7.e4 Bg7 8.Bb5+ Bd7
9.a4 O-O 10.O-O Re8 11.Re1 a6 12.Bf1 Bg4 13.h3 Bxf3 14.Qxf3 Nbd7 15.g4 h5
16.Qg3 Qc7 17.g5 Nh7 18.Bf4 Ne5 19.h4 c4 20.Rad1 Rab8 21.Bxe5 Bxe5 22.f4 Bg7
23.Qf2 b5 24.axb5 axb5 25.e5 dxe5 26.f5 Bf8 27.Ne4 Qb6 28.fxg6 Qxf2+ 29.Kxf2 fxg6
30.d6 Red8 31.Rd5 Rb6 32.Red1 Bg7 33.Rxb5 Rc6 34.Rb7 Nf8 35.Bh3 Kh7 36.Ke3 Ra6
37.Rf1 Kg8 38.Rff7 Bh8 39.Rfe7 Ra1 40.Kf2 Rh1 41.Bf1  1-0

[Event "Turkey Cup 2014"]
[Site "Kemer TUR"]
[Date "2014.02.05"]
[Round "6.42"]
[White "Kaplan,Bahadir"]
[Black "Ozturk,H"]
[Result "0-1"]
[WhiteElo "1962"]
[BlackElo "1807"]

1.d4 Nf6 2.c4 e6 3.Nf3 c5 4.d5 exd5 5.cxd5 d6 6.Nc3 g6 7.Bf4 Bg7 8.Qa4+ Bd7
9.Qb3 Qc7 10.h3 b5 11.Nxb5 Qa5+ 12.Nc3 Nxd5 13.Qxd5 Bxc3+ 14.Bd2 Bxd2+ 15.Nxd2 O-O
16.e3 Bc6 17.Qb3 Nd7 18.Qc3 Qc7 19.h4 d5 20.O-O-O d4 21.Qc2 Qa5 22.h5 Bd5
23.hxg6 fxg6 24.Bc4 Bf7 25.Ne4 Qb4 26.Bxf7+ Rxf7 27.a3 Qb6 28.Qc4 Rb8 29.Rd2 Ne5
30.Qa2 Kh8 31.f4 dxe3 32.Rd6 Qb5 33.fxe5 Rf1+ 34.Rxf1 Qxf1+ 35.Kc2 Qxg2+
36.Kd3 e2 37.Kd2 Qxe4 38.Ke1 Qxe5 39.Rd2 Re8  0-1

[Event "Turkey Cup 2014"]
[Site "Kemer TUR"]
[Date "2014.02.08"]
[Round "9.129"]
[White "Cosan,Gokmen"]
[Black "Baran,Uygar Utku"]
[Result "1/2-1/2"]
[WhiteElo "1765"]
[BlackElo "1381"]

1.d4 e6 2.c4 c5 3.d5 exd5 4.cxd5 d6 5.Nc3 Nf6 6.Nf3 Bf5 7.Qb3 Qb6 8.Qa4+ Nbd7
9.e4 Bg6 10.Bb5 O-O-O 11.O-O a6 12.Bd3 Re8 13.Nd2 Kb8 14.a3 Qa7 15.b4 b5
16.Qc2 c4 17.Be2 Be7 18.a4 Qb7 19.axb5 axb5 20.Ra5 Nxd5 21.Nxd5 Qxd5 22.exd5 Bxc2
23.Rxb5+ Kc7 24.Nxc4 Bf6 25.Be3 Rb8 26.Na3 Bb3 27.Rc1+ Kd8 28.Rxb8+ Nxb8
29.Bb6+ Ke7 30.Bb5 Bxd5 31.Rc7+ Ke6 32.Rc2 g5 33.Re2+ Be5 34.Nc2 Rc8 35.f3 Kf6
36.Ne3 Be6 37.Rc2 Rxc2 38.Nxc2 Bd7 39.Bd3 Bf5 40.Bxf5 Kxf5 41.b5 Nd7 42.Ba7 d5
43.g3 h5 44.Kf2 Ke6 45.Ke3 Bc7 46.Nd4+ Kf6 47.Nc6 Bb6+ 48.Bxb6 Nxb6 49.Kd4 Ke6
50.h3 f6 51.Nb4 Kd6 52.f4 gxf4 53.gxf4 h4 54.Nc2 Nc4 55.Ne1 Na3 56.b6 Nb5+
57.Kd3 Kc6 58.b7 Kxb7 59.Nf3 Kc6 60.Nxh4 Kd6 61.Ng2 Nc7 62.h4 Ne6 63.h5 Nf8
64.h6 Nh7 65.Kd4 f5 66.Ne3 Ke6 67.Nxd5 Kf7 68.Ke5 Kg6 69.Ne7+ Kxh6 70.Kxf5 Kg7
71.Ng6 Nf6 72.Kg5 Ne4+ 73.Kh5 Nf6+ 74.Kg5 Ne4+ 75.Kf5 Nf6 76.Ne5 Nh5 77.Kg5 Nxf4  1/2-1/2

[Event "TCh-FIN SM 2013-14"]
[Site "Oulu FIN"]
[Date "2014.02.08"]
[Round "7.3"]
[White "Wallin,A"]
[Black "Verkasalo,T"]
[Result "1/2-1/2"]
[WhiteElo "2183"]
[BlackElo "2198"]

1.d4 Nf6 2.c4 c5 3.d5 e6 4.Nc3 exd5 5.cxd5 d6 6.Nf3 g6 7.Bf4 a6 8.a4 Qe7
9.h3 Nh5 10.Bh2 f5 11.Nd2 f4 12.Nc4 Nd7 13.e3 Bh6 14.Be2 Ndf6 15.O-O O-O
16.Qd2 Bd7 17.exf4 Rae8 18.Rae1 Ne4 19.Nxe4 Nxf4 20.Qc3 Qxe4 21.Bf3 Nxh3+
22.gxh3 Qxf3 23.Rxe8 Bxe8 24.Qxf3 Rxf3 25.Nxd6 Bxa4 26.Nxb7 Bf8 27.Rc1 Rxh3
28.Nxc5 Bxc5 29.Rxc5 Rd3 30.Be5 h5 31.d6 Kf7 32.f4 Rd2 33.Rc3 Bd7 34.Ra3 h4
35.Rxa6 h3 36.f5 Bxf5 37.Ra7+ Ke6 38.Re7+ Kd5 39.Bf4 Rg2+ 40.Kh1 Kc6 41.Rc7+ Kb5
42.Rb7+ Kc6 43.Rc7+ Kb5 44.Rb7+  1/2-1/2

[Event "Bronstein Mem Open A 2014"]
[Site "Minsk BLR"]
[Date "2014.02.11"]
[Round "1.2"]
[White "Tunik,G"]
[Black "Akopian,Vl"]
[Result "0-1"]
[WhiteElo "2420"]
[BlackElo "2682"]

1.d4 Nf6 2.c4 e6 3.Nf3 c5 4.d5 d6 5.Nc3 exd5 6.cxd5 g6 7.Nd2 Nbd7 8.e4 Bg7
9.Be2 O-O 10.O-O Re8 11.a4 a6 12.a5 b5 13.axb6 Nxb6 14.Ra3 Qc7 15.Kh1 h5
16.f3 h4 17.f4 h3 18.gxh3 Bxh3 19.Rg1 Qe7 20.Bf3 Nh7 21.Ne2 Bd7 22.Ng3 Qh4
23.Bg2 Nf6 24.Rf1 Bb5 25.Nf3 Qh8 26.Re1 Ng4 27.Kg1 Bd4+ 28.Be3 Nxe3 29.Raxe3 Nxd5
30.Nxd4 Nxe3 31.Rxe3 cxd4 32.Re1 d3 33.e5 Rad8 34.Qd2 dxe5 35.f5 e4 36.Rxe4 Rxe4
37.Bxe4 Qd4+ 38.Kh1 Re8 39.fxg6 Rxe4 40.Qh6 Re1+ 41.Kg2 Rg1+  0-1

[Event "34th TCh-IND 2014"]
[Site "Kanpur IND"]
[Date "2014.02.17"]
[Round "5.3"]
[White "Akash Pc,I"]
[Black "Rathnakaran,K"]
[Result "0-1"]
[WhiteElo "2267"]
[BlackElo "2392"]

1.d4 Nf6 2.c4 c5 3.d5 e6 4.Nc3 exd5 5.cxd5 d6 6.Nf3 g6 7.Nd2 a6 8.a4 Nbd7
9.e4 Bg7 10.Be2 O-O 11.O-O Rb8 12.Nc4 Nb6 13.Na3 Bd7 14.a5 Nc8 15.Nc4 Re8
16.Bd3 Bb5 17.Qb3 Bxc4 18.Qxc4 b5 19.axb6 Nxb6 20.Qa2 c4 21.Bc2 Ng4 22.h3 Ne5
23.Be3 Nbd7 24.Rfd1 g5 25.f3 h5 26.Rd2 g4 27.hxg4 hxg4 28.f4 Bh6 29.Nd1 Qh4
30.Re2 g3 31.fxe5 Nxe5 32.Nf2 Nf3+ 33.Kf1 Qh2  0-1

[Event "ch-MDA w 2014"]
[Site "Chisinau MDA"]
[Date "2014.02.19"]
[Round "10"]
[White "Cazacu,G"]
[Black "Daicu,Diana"]
[Result "1-0"]
[WhiteElo "1866"]
[BlackElo "1553"]

1.d4 Nf6 2.c4 c5 3.d5 e6 4.Nc3 exd5 5.cxd5 d6 6.Nf3 g6 7.Bf4 a6 8.a4 Bg7
9.e4 O-O 10.Be2 Bg4 11.O-O Qe7 12.Nd2 Bxe2 13.Qxe2 Nh5 14.Be3 Nd7 15.a5 Rfe8
16.g4 Nhf6 17.f3 Rac8 18.Kh1 Ne5 19.g5 Nh5 20.f4 Nd7 21.e5 dxe5 22.f5 Qd8
23.Nde4 Bf8 24.Qf3 Ng7 25.fxg6 fxg6 26.Qf7+ Kh8 27.Nf6 Nxf6 28.gxf6 Nf5 29.Rxf5 Rc7
30.Qxc7 Qxc7 31.Rf2 Qd7 32.Raf1 Qg4 33.Rg1 Qb4 34.Rgf1 Qxa5 35.Bg5 Rc8 36.f7 h6
37.Bf6+ Kh7 38.Bxe5 Qd8 39.d6 Qd7 40.Kg1 c4 41.Nd5 Qe6 42.Nf6+ Kg7 43.Bc3 Kh8
44.Re1 Qxe1+ 45.Bxe1 Bxd6 46.Bc3 Kg7 47.Ne4+  1-0

[Event "ch-CHI 2014"]
[Site "Punta Arenas CHI"]
[Date "2014.02.19"]
[Round "2.5"]
[White "Henriquez Villagra,C"]
[Black "Lopez Silva,H"]
[Result "1/2-1/2"]
[WhiteElo "2416"]
[BlackElo "2414"]

1.d4 Nf6 2.c4 c5 3.d5 e6 4.Nc3 exd5 5.cxd5 d6 6.Nf3 g6 7.Nd2 Nbd7 8.e4 Bg7
9.Be2 O-O 10.O-O Re8 11.f4 c4 12.Bxc4 Nc5 13.e5 dxe5 14.fxe5 Rxe5 15.Nf3 Re8
16.Kh1 Nfe4 17.Nxe4 Rxe4 18.Bb3 Bg4 19.d6 Qd7 20.Bd5 Rd4 21.Qxd4 Bxd4 22.Nxd4 Qxd6
23.Bxf7+ Kg7 24.Be3 Rf8 25.Bc4 Rxf1+ 26.Rxf1 Ne6 27.Nxe6+ Bxe6 28.Bxe6 Qxe6
29.Bd4+ Kg8 30.a3 Qc4 31.Rd1 Qe2 32.Rg1 a5 33.Bc3 a4 34.Re1 Qf2 35.h3 Kf7
36.Re4 b5 37.Kh2 h5 38.h4 Qf5 39.Rd4 Qe5+ 40.Kg1 Qe3+ 41.Kh2 Ke6 42.Rb4 Qe2
43.Rf4 Qd3 44.Rd4 Qe3 45.Rb4 Qe2 46.Rf4 Kd5 47.Rd4+ Kc5 48.Rf4 Qe3 49.Rb4 Kc6
50.Rd4 Qe5+ 51.Kh1 Qe3 52.Kh2 Qe5+ 53.Kh1 Qg3 54.Re4 Kc5 55.Kg1 Kd5 56.Rd4+ Kc6
57.Re4 Kc5 58.Rb4 Kc6 59.Re4 Kc5 60.Rb4 Qe3+ 61.Kh2 Kc6 62.Rd4 Qe5+ 63.Kg1 Qg3
64.Re4  1/2-1/2

[Event "71st ch-GEO w 2014"]
[Site "Tbilisi GEO"]
[Date "2014.03.01"]
[Round "11.6"]
[White "Batsiashvili,N"]
[Black "Khomeriki,N"]
[Result "1-0"]
[WhiteElo "2428"]
[BlackElo "2047"]

1.d4 Nf6 2.c4 c5 3.d5 e6 4.Nc3 exd5 5.cxd5 d6 6.Nf3 g6 7.h3 Bg7 8.e4 O-O
9.Bd3 b5 10.Nxb5 Re8 11.O-O Nxe4 12.Re1 a6 13.Nc3 Nxc3 14.bxc3 Rxe1+ 15.Qxe1 Nd7
16.Bg5 Bf6 17.Bf4 Nb6 18.Be4 Na4 19.Rc1 Rb8 20.c4 Rb2 21.Qe3 a5 22.a3 Ba6
23.Bd3 Nb6 24.Re1 Nxc4 25.Qe4 Nxa3 26.Bxa6 Nc2 27.Qe8+ Kg7 28.Qxd8 Bxd8 29.Re8 Bc7
30.Re7 Nb4 31.Rxc7 Nxd5 32.Rxc5 Nxf4 33.Rxa5 Kf6 34.Ra1 h5 35.Rd1 Rb6 36.Bf1 g5
37.g3 Ne6 38.h4 g4 39.Nd4 Ke5 40.Nxe6 fxe6 41.Bd3 Kf6 42.Rb1 Rc6 43.Kf1 d5
44.Rb8 e5 45.Rf8+ Ke7 46.Rh8 Rc1+ 47.Ke2 e4 48.Kd2 Ra1 49.Be2 Ra2+ 50.Ke1 Ra1+
51.Bd1 Kd6 52.Rxh5 Kc5 53.Rg5 Kc4 54.h5 d4 55.h6 Ra7 56.Rh5 Rh7 57.Kd2 Rf7
58.h7 Rxf2+ 59.Be2+  1-0

[Event "TCh-NED Meesterklasse 2013-14"]
[Site "Netherland NED"]
[Date "2014.03.08"]
[Round "6.8"]
[White "Van Wessel,R"]
[Black "Tjiam,D"]
[Result "1/2-1/2"]
[WhiteElo "2387"]
[BlackElo "2377"]

1.d4 Nf6 2.c4 e6 3.Nc3 c5 4.d5 exd5 5.cxd5 d6 6.Nf3 g6 7.h3 a6 8.a4 Qe7 9.Bf4 Nbd7
10.e3 Bg7 11.Be2 O-O 12.O-O Nh5 13.Bh2 f5 14.Nd2 Nhf6 15.Nc4 Ne8 16.a5 Ne5
17.Nb6 Rb8 18.Qc2 g5 19.f4 Ng6 20.Rae1 Qxe3+ 21.Kh1 Qd4 22.Nxc8 Rxc8 23.fxg5 Be5
24.Bd3 Ng7 25.Bxf5 Nxf5 26.Rxf5 Bxh2 27.Kxh2 Rce8 28.Ref1 Re5 29.Rxf8+ Nxf8
30.Qb3 Re7 31.Qb6 Qe5+ 32.Kh1 Rd7 33.Qb3 Kg7 34.Qa4 Rf7 35.Rxf7+ Kxf7 36.Qh4 Ke8
37.Ne4 Kd7 38.Qg4+ Kc7 39.Qf3 Qxd5 40.Qxf8 Qxe4 41.Qf2 b6 42.h4 b5 43.h5 Qg4
44.Qf7+  1/2-1/2

[Event "UT Dallas Spring Int 2014"]
[Site "Dallas USA"]
[Date "2014.03.11"]
[Round "6"]
[White "Chirila,I"]
[Black "Indjic,A"]
[Result "1-0"]
[WhiteElo "2521"]
[BlackElo "2521"]

1.d4 Nf6 2.c4 c5 3.d5 e6 4.Nc3 exd5 5.cxd5 d6 6.Nf3 g6 7.h3 Bg7 8.e4 O-O
9.Bd3 Na6 10.O-O Nc7 11.a4 a6 12.Re1 Rb8 13.a5 Re8 14.Nd2 Qe7 15.Nf3 Nd7
16.Bf4 b5 17.axb6 Rxb6 18.Qd2 Ne5 19.Nxe5 Bxe5 20.Bxe5 Qxe5 21.Bc4 Bd7 22.b3 Nb5
23.Nxb5 axb5 24.Bf1 b4 25.Ra5 g5 26.Re3 h6 27.Qe2 Re7 28.Qh5 Kg7 29.Be2 Be8
30.Qg4 Bd7 31.Qh5 Rb7 32.h4 f6 33.hxg5 fxg5 34.Ra6 Be8 35.Qh2 Qf4 36.Rxd6 Bg6
37.Bd3 Ra7 38.Qxf4 gxf4 39.Re1 Ra3 40.Bc4 Re5 41.f3 Rg5 42.Ra6  1-0

[Event "UT Dallas Spring Int 2014"]
[Site "Dallas USA"]
[Date "2014.03.12"]
[Round "8"]
[White "Troff,Kayden W"]
[Black "Indjic,A"]
[Result "1/2-1/2"]
[WhiteElo "2459"]
[BlackElo "2521"]

1.d4 Nf6 2.c4 c5 3.d5 e6 4.Nc3 exd5 5.cxd5 d6 6.Nf3 g6 7.g3 Bg7 8.Bg2 O-O
9.O-O Re8 10.Re1 a6 11.a4 Nbd7 12.e4 Qc7 13.h3 Rb8 14.Bf1 h6 15.Bf4 g5 16.Bd2 Nf8
17.Qc2 Ng6 18.Rab1 g4 19.hxg4 Nxg4 20.Nd1 Qe7 21.Bg2 h5 22.Bg5 Bf6 23.Bxf6 Qxf6
24.Ne3 b5 25.axb5 Rxb5 26.Nxg4 hxg4 27.Nd2 Ne5 28.Re3 Kg7 29.b3 Bd7 30.Nc4 Rb4
31.Nxe5 Qxe5 32.Rbe1 a5 33.Qe2 a4 34.bxa4 Rxa4 35.f4 gxf3 36.Qxf3 Ra1 37.Qf4 Rxe1+
38.Rxe1 Qd4+ 39.Qf2 Qxf2+ 40.Kxf2 Kf6 41.Ke3 Ke5 42.Rh1 Bg4 43.Rh4 Rg8 44.Rh7 Ra8
45.Rxf7 Ra3+ 46.Kf2 Ra2+ 47.Kg1 c4 48.Rc7 Be2 49.g4 Kd4 50.e5 c3 51.exd6 Bxg4
52.d7 Bxd7 53.Rxd7 c2 54.Rc7 Ra1+ 55.Kf2 c1=Q 56.Rxc1 Rxc1 57.d6 Rc2+ 58.Kg3 Ke5
59.d7 Rd2 60.Bc6 Rxd7 61.Bxd7  1/2-1/2

[Event "TCh-CZE Extraliga 2013-14"]
[Site "Ostrava CZE"]
[Date "2014.03.21"]
[Round "9.5"]
[White "Kociscak,J"]
[Black "Klima,L"]
[Result "1/2-1/2"]
[WhiteElo "2435"]
[BlackElo "2342"]

1.d4 Nf6 2.c4 e6 3.Nc3 c5 4.d5 exd5 5.cxd5 d6 6.Nf3 g6 7.Nd2 Bg7 8.e4 O-O
9.Be2 Re8 10.O-O Na6 11.Re1 Nc7 12.a4 b6 13.f3 Nh5 14.Nc4 f5 15.Be3 Ba6 16.Qd2 Bxc4
17.Bxc4 Be5 18.Bg5 Qd7 19.exf5 Qxf5 20.Ne4 a6 21.Kh1 b5 22.Bd3 Qf7 23.f4 Nxf4
24.Rf1 Ncxd5 25.g3 Bxb2 26.Bxf4 Bxa1 27.Nxd6 Qe6 28.Nxe8 Rxe8 29.axb5 Bc3
30.Qg2 Nb4 31.Qf3 Nxd3 32.Qxd3 Bd4 33.bxa6 Qc6+ 34.Qf3 Qxa6 35.Be5 Qe6 36.Bxd4 cxd4
37.Rd1 Qc4 38.Kg1 Rd8 39.Qe4 Qb3 40.Rd3 Qb1+ 41.Kg2 Qa2+ 42.Kh3 Qf7 43.g4 g5
44.Rf3 Qd5 45.Qd3 Rf8 46.Rxf8+ Kxf8 47.Kg3 Qd6+ 48.Kg2 Kg7 49.h3 Qc6+ 50.Kf2 Qf6+
51.Ke2 Qf4 52.Qb3 Qe4+ 53.Kd2 Qg2+ 54.Kd1 Qf1+ 55.Kd2 Qf2+ 56.Kd1 Qf7 57.Qa3 h5
58.Qd3 hxg4  1/2-1/2

[Event "72nd ch-Urals 2014"]
[Site "Tyumen RUS"]
[Date "2014.03.21"]
[Round "2.16"]
[White "Kitaev,Ilya"]
[Black "Chernyuk,Mikhail"]
[Result "1-0"]
[WhiteElo "2061"]
[BlackElo "2292"]

1.d4 Nf6 2.c4 e6 3.Nc3 c5 4.d5 exd5 5.cxd5 d6 6.Nf3 g6 7.Bf4 Bg7 8.Qa4+ Bd7
9.Qb3 Qc7 10.e3 O-O 11.h3 a6 12.a4 Re8 13.Nd2 Nh5 14.Bh2 f5 15.Be2 Nf6 16.Nc4 Bf8
17.Qb6 Qxb6 18.Nxb6 Ra7 19.Nc4 Ne4 20.Nxe4 Rxe4 21.Nxd6 Rb4 22.Nc4 Ra8 23.a5 Bg7
24.Nb6 Bxb2 25.Rd1 Rxb6 26.axb6 Ba4 27.Rb1 Bc3+ 28.Kf1 Nd7 29.g4 fxg4 30.hxg4 Bb4
31.Bc7 Bc2 32.Rc1 Bb3 33.g5 a5 34.Bb5 Bxd5 35.Rd1 Bxh1 36.Bc4+ Kh8 37.Rxd7 Bc3
38.Bd6 Rc8 39.Bxc5 h6 40.Rc7 Rd8 41.gxh6 Rd1+ 42.Ke2 Rd2+ 43.Kf1 Rd1+ 44.Ke2 Rd2+
45.Kf1 Bf3 46.Kg1 Rd1+ 47.Bf1 Be2 48.Be7 Rxf1+ 49.Kg2 Be5 50.Rxb7 Bc4 51.Ra7 Ra1
52.f4 Bd5+ 53.Kg3 Bc3 54.Rc7 Bb2 55.b7 Rg1+ 56.Kf2 Bxb7 57.Rxb7 Rh1 58.Rxb2  1-0

[Event "TCh-BEL 2013-14"]
[Site "Belgium BEL"]
[Date "2014.03.23"]
[Round "11.5"]
[White "Loiseau,Q"]
[Black "De Haan,E"]
[Result "1-0"]
[WhiteElo "2382"]
[BlackElo "2300"]

1.d4 Nf6 2.c4 e6 3.Nf3 c5 4.d5 exd5 5.cxd5 d6 6.Nc3 g6 7.Bf4 Bg7 8.Qa4+ Bd7
9.Qb3 b5 10.Bxd6 Qb6 11.Be5 O-O 12.e3 c4 13.Qd1 b4 14.Ne2 Rc8 15.Nf4 Bf5
16.Rc1 c3 17.bxc3 bxc3 18.Bd3 Nbd7 19.Bd4 Qa5 20.O-O Be4 21.Bxe4 Nxe4 22.Bxg7 Kxg7
23.Qd4+ Ndf6 24.Ne5 Qc5 25.Qxc5 Rxc5 26.Ned3 Ra5 27.f3 Nd2 28.Rfd1 g5 29.Ne2 Nc4
30.e4 Nb2 31.Nxc3 Nxd1 32.Nxd1 Rxa2 33.Ne3 Nd7 34.h4 h6 35.Rc7 Rd8 36.Nf5+ Kf6
37.Rc6+  1-0

[Event "ch-VIE 2014"]
[Site "Da Lat VIE"]
[Date "2014.03.27"]
[Round "2.4"]
[White "Nguyen Huynh Minh Huy"]
[Black "Hoang Canh Huan"]
[Result "1/2-1/2"]
[WhiteElo "2476"]
[BlackElo "2321"]

1.d4 Nf6 2.c4 c5 3.d5 e6 4.Nc3 exd5 5.cxd5 d6 6.Nf3 g6 7.g3 Bg7 8.Bg2 O-O
9.O-O Re8 10.h3 a6 11.a4 Nbd7 12.Bf4 Nh5 13.Bd2 Rb8 14.Rb1 Qc7 15.Re1 b5
16.axb5 axb5 17.b3 b4 18.Na4 Nhf6 19.Bf4 Ne4 20.Nd2 Nxd2 21.Bxd2 Ba6 22.Nb2 Ra8
23.Qc2 Qd8 24.e4 Bb5 25.Nc4 Bxc4 26.Qxc4 Ra2 27.Be3 Qa5 28.f4 Bc3 29.Rec1 f5
30.e5 dxe5 31.d6+ Kg7 32.Kh1 exf4 33.Qxf4 Re2 34.Bg1 Bd2 35.Qf3 Bxc1 36.Rxc1 R8e4
37.Qf1 Rxg2 38.Qxg2 Qa6 39.g4 Re2 40.Qf3 Rd2 41.Bh2 Rd3 42.Qg2 Re3 43.gxf5 Qc8
44.Bf4 Re8 45.fxg6 hxg6 46.Rg1 Re6 47.Rd1  1/2-1/2

[Event "ch-Moscow 2014"]
[Site "Moscow RUS"]
[Date "2014.03.27"]
[Round "6.5"]
[White "Gordievsky,D"]
[Black "Dvalishvili,P"]
[Result "1-0"]
[WhiteElo "2435"]
[BlackElo "2428"]

1.d4 Nf6 2.c4 e6 3.Nf3 c5 4.d5 exd5 5.cxd5 d6 6.Nc3 g6 7.Bf4 a6 8.a4 Bg7
9.e3 O-O 10.h3 Re8 11.Be2 b6 12.Nd2 Qc7 13.Nc4 Bf8 14.O-O Nbd7 15.Bh2 Rb8
16.Qc2 Ne5 17.Na3 g5 18.f4 gxf4 19.exf4 Ng6 20.Rad1 Qd8 21.Bd3 Bg7 22.Qd2 Nh5
23.f5 Ne5 24.Be2 Nf6 25.Bf4 Bxf5 26.Bxe5 Rxe5 27.Nc4 Rxe2 28.Qxe2 Bg6 29.Ne3 Nh5
30.Qf3 Bd4 31.Ne2 Bxb2 32.g4 Ng7 33.Nc4 Be5 34.Nxe5 dxe5 35.d6 Ne6 36.Qg3 f6
37.g5 fxg5 38.Qxe5 Qd7 39.Nc3 Nf4 40.Nd5 Nxd5 41.Qxd5+ Kg7 42.Qe5+ Kh6 43.Rd5 Qxh3
44.Qxg5+ Kg7 45.d7 Rd8 46.Re1  1-0

[Event "82nd ch-St Petersburg w 2014"]
[Site "St Petersburg RUS"]
[Date "2014.03.27"]
[Round "7.4"]
[White "Burdakova,Asya"]
[Black "Ivkina,O"]
[Result "0-1"]
[WhiteElo "1737"]
[BlackElo "2239"]

1.d4 Nf6 2.c4 c5 3.d5 e6 4.Nc3 exd5 5.cxd5 d6 6.Nf3 g6 7.Bg5 Bg7 8.Nd2 O-O
9.e4 h6 10.Bh4 Re8 11.f3 Nxe4 12.fxe4 Qxh4+ 13.g3 Qg5 14.Qf3 Bg4 15.Qf4 Qxf4
16.gxf4 a6 17.a4 Nd7 18.Bg2 g5 19.fxg5 Ne5 20.O-O hxg5 21.Rab1 Rab8 22.Nd1 Nd3
23.Nc4 Bd4+ 24.Nde3 b5 25.axb5 axb5 26.Kh1 Bh5 27.Nxd6 Bxe3 28.Nxe8 Rxe8
29.h3 Nf2+ 30.Kh2 Nxe4 31.Bxe4 Rxe4 32.Rf5 Bf4+ 33.Kg1 Rd4 34.d6 Bg6  0-1

[Event "ch-Moscow 2014"]
[Site "Moscow RUS"]
[Date "2014.03.29"]
[Round "8.8"]
[White "Sychev,K"]
[Black "Vavulin,M"]
[Result "1-0"]
[WhiteElo "2317"]
[BlackElo "2398"]

1.d4 Nf6 2.c4 e6 3.Nf3 c5 4.d5 exd5 5.cxd5 d6 6.Nc3 g6 7.Bf4 a6 8.a4 Bg7
9.h3 O-O 10.e3 Ne8 11.Be2 Nd7 12.O-O Rb8 13.Nd2 Ne5 14.Re1 f5 15.Bh2 g5 16.f4 gxf4
17.exf4 Ng6 18.a5 b5 19.axb6 Rxb6 20.Qc2 Nc7 21.Nc4 Rb4 22.Na2 Rb8 23.Nc3 Qf6
24.Kh1 Nb5 25.Rac1 Bb7 26.Qd1 Qd8 27.Ne3 Nd4 28.Bd3 Bc8 29.Nc4 Qf6 30.Qh5 Bd7
31.Qg5 Bb5 32.Qxf6 Rxf6 33.Nxb5 axb5 34.Nd2 Rf7 35.Ra1 c4 36.Bb1 Ne7 37.Ra6 Rd8
38.Ra5 Rc8 39.Ra6 b4 40.Ba2 b3 41.Bb1 Nc2 42.Bxc2 bxc2 43.Rc1 Nxd5 44.Rxc2 Ne3
45.Rc1 Bxb2 46.Re1 c3 47.Nb3 Rb7 48.Na5 Rb5 49.Nc6 c2 50.Ne7+ Kf8 51.Nxc8 Nd1
52.Rxd6 c1=Q 53.Rd8+ Kg7 54.Rexd1 Qe3 55.Nd6 Rc5 56.Bg1 Qa3 57.Bxc5 Qxc5
58.Rc8 Qf2 59.Nxf5+ Kg6 60.Ne7+ Kf7 61.Rc7 Qe2 62.Rcd7 Ba3 63.Nf5+ Kf6 64.Ng3 Qc2
65.R7d2 Qc7 66.Rd3 Bb4 67.Rd4 Ba3 68.Ne4+ Kg6 69.Rf1 h6 70.f5+ Kf7 71.Rfd1 Qe5
72.Rd7+ Kg8 73.Rd8+ Bf8 74.Nd6 Qf6 75.Nc8 h5 76.Kh2 Qe5+ 77.Kh1 Qf6 78.Kg1 Qe5
79.R8d5 Qf6 80.Nd6 Qc3 81.Kh1 Qb2 82.Ne4 Qe2 83.Ng3 Qe8 84.f6 h4 85.Nf5 Qe4
86.R1d4 Qe1+ 87.Kh2 Kf7 88.Nxh4 Qc1 89.Nf3 Kxf6 90.Rd1 Qf4+ 91.Kh1 Qb4 92.Rf1 Bd6
93.Rd4 Qc5 94.Re4 Qd5 95.Nh4+ Kg7 96.Nf5+ Kg6 97.Rd4  1-0

[Event "ch-VIE w 2014"]
[Site "Da Lat VIE"]
[Date "2014.03.31"]
[Round "8.1"]
[White "Pham Le Thao Nguyen"]
[Black "Le Thanh Tu"]
[Result "1/2-1/2"]
[WhiteElo "2349"]
[BlackElo "2266"]

1.d4 c5 2.d5 Nf6 3.c4 e6 4.Nc3 exd5 5.cxd5 d6 6.Nf3 g6 7.Bf4 a6 8.a4 Bg7
9.h3 O-O 10.e3 Qe7 11.Be2 Nbd7 12.a5 Nh5 13.Bh2 f5 14.Nd2 f4 15.e4 Ne5 16.O-O Qg5
17.Kh1 Bd7 18.Ra3 Rf7 19.Na4 Raf8 20.Nb6 Bb5 21.Rb3 Bxe2 22.Qxe2 f3 23.Nxf3 Nxf3
24.Rxf3 Rxf3 25.gxf3 Qh4 26.Kg2 Be5 27.Rg1 Nf4+ 28.Bxf4 Qxf4 29.Rh1 Qg5+
30.Kf1 Qc1+ 31.Kg2 Qg5+ 32.Kf1 Qc1+ 33.Kg2  1/2-1/2

[Event "WOW Air Open A 2014"]
[Site "Reykjavik ISL"]
[Date "2014.03.31"]
[Round "1.1"]
[White "Stefansson,H"]
[Black "Olafsson,Thorv"]
[Result "1-0"]
[WhiteElo "2541"]
[BlackElo "2254"]

1.d4 Nf6 2.c4 c5 3.d5 e6 4.Nc3 exd5 5.cxd5 d6 6.Nf3 g6 7.Bf4 a6 8.e4 Bg7
9.Qa4+ Bd7 10.Qb3 Bc8 11.a4 O-O 12.Nd2 Nh5 13.Be3 Nd7 14.Be2 Ne5 15.O-O Qh4
16.f4 Bh6 17.Bxh5 Qxh5 18.Nf3 Nxf3+ 19.Rxf3 Qh4 20.Raf1 Qe7 21.e5 Bg4 22.exd6 Qxd6
23.Rg3 Bf5 24.a5 Rfe8 25.Na4 Rad8 26.Nb6 Re4 27.Qc3 Bg7 28.Qxc5 Qxc5 29.Bxc5 Bxb2
30.Rd1 Rxf4 31.Re3 Re4 32.Rxe4 Bxe4 33.Be7 Rb8 34.d6 Ba3 35.Bf6  1-0

[Event "ch-URU 2014"]
[Site "Montevideo URU"]
[Date "2014.04.03"]
[Round "2.3"]
[White "Colombo,C"]
[Black "Muniz,R"]
[Result "0-1"]
[WhiteElo "2114"]
[BlackElo "2267"]

1.d4 Nf6 2.c4 e6 3.Nf3 c5 4.d5 exd5 5.cxd5 d6 6.Nc3 g6 7.Bf4 Bg7 8.h3 a6
9.a4 O-O 10.e3 Nh5 11.Bh2 f5 12.Be2 f4 13.e4 Nd7 14.Nd2 Ne5 15.O-O Qg5 16.Kh1 Bd7
17.Nf3 Nxf3 18.Bxf3 Be5 19.Qd2 Qh6 20.Rab1 b5 21.axb5 axb5 22.b4 Ra3 23.Rfc1 c4
24.Bg4 Bxg4 25.hxg4 Nf6 26.f3 Rb8 27.Rb2 g5 28.Ra2 Rb3 29.Rb2 Rxb2 30.Qxb2 Qg7
31.Qc2 h5 32.Kg1 hxg4 33.Kf1 Qh6 34.Bg1 Nh5 35.Ke1 gxf3 36.gxf3 Ng3 37.Qa2 Qh3
38.Qf2 Bxc3+ 39.Rxc3 Ra8 40.Rc1 Ra2 41.Rc2 Ra1+ 42.Kd2  0-1